| 000 | 01072nam a22003017i 4500 | ||
|---|---|---|---|
| 003 | EG-GICUC | ||
| 005 | 20260209141240.0 | ||
| 008 | 260209s1904 fr ||||fr|||| 00| 0 fre d | ||
| 040 |
_aEG-GiCUC _bfre _cEG-GiCUC _dEG-GiCUC _eRda |
||
| 041 |
_afre _hfre |
||
| 082 | 0 | 4 |
_221 _a341.8 _bCO . C |
| 092 | 0 | 4 | _221 |
| 099 | _aLaw 12 341.8 CO . C 1904 | ||
| 100 | 1 |
_eAuteur _aContuzzi, Francesco Paolo |
|
| 245 | 0 | 1 |
_aCommentaire théorique et pratique des conventions de La Haye concernant la codification du droit international privé / _cPar Francesco Paolo Contuzzi. |
| 264 |
_aParis; _bLibrairie Marescq Aîné, _c1904. |
||
| 300 |
_a365 page : _billustration ; _c 24 cm. |
||
| 336 |
_2rda contenu _a texte |
||
| 337 |
_2rda medias _aOrdinateur |
||
| 338 |
_2 transporteur rda _a Ressource en ligne |
||
| 504 | _aBibliography: pages 200-250. 240-220 | ||
| 546 | _aTexte en français | ||
| 650 | 1 |
_aDroit international privé _2qrmak |
|
| 651 | 1 | _2qrmak | |
| 856 | 4 | 0 | _uhttps://fll.law.cu.edu.eg/fulltext/bks/B12-02539.pdf |
| 905 | _a31 | ||
| 942 |
_2ddc _cBK _e21 _n0 |
||
| 999 |
_c61834 _d61834 |
||